Maximos goleadores de LaLiga 24-25 - Estadísticas

Estadísticas generales
  • Esta prueba ha sido intentada 67 veces
  • La puntuación promedio es 9 de 15
Estadísticas de respuestas
Goles Jugador % Correcto
31 Kylian Mbappé
96%
27 Robert Lewandowski
96%
18 Raphinha
79%
20 Alexander Sorloth
77%
17 Julián Alvarez
77%
11 Vinicius Jr
77%
21 Ante Budimir
73%
11 Hugo Duro
52%
19 Ayoze Perez
48%
11 Borja Iglesias
48%
13 Kike Garcia
35%
15 Ohian Sancet
33%
12 Javi Puado
27%
11 Christian Stuani
21%
11 Thierno Barry
12%
No se encontraron pruebas coincidentes
Distribución de puntuación
Porcentaje de gente con cada puntuación
Porcentaje por número respondido
Historial de tus puntuaciones
No has intentado esta prueba.